[Event "GRE-ch U16"]
[Site "Kallithea"]
[Date "2010.07.02"]
[Round "9"]
[White "Bellos, Ioannis"]
[Black "Fragkos, Vasilios"]
[Result "1/2-1/2"]
[WhiteElo "1818"]
[BlackElo "1931"]
[PlyCount "45"]
[EventDate "2010.06.26"]
[EventType "swiss"]
[EventRounds "9"]
[EventCountry "GRE"]
[SourceTitle "CBM 137 Extra"]
[Source "ChessBase"]
[SourceDate "2010.09.01"]
[SourceVersion "1"]
[SourceVersionDate "2010.09.01"]
[SourceQuality "1"]

1. e4 c5 2. c3 d5 3. exd5 Qxd5 4. d4 Nf6 5. Nf3 Bg4 6. Be2 e6 7. h3 Bh5 8. 0-0 Nc6 9. Be3 cxd4 10. cxd4 Be7 11. Nc3 Qd6 12. g4 Bg6 13. Ne5 0-0 14. Bf4 Qb4 15. Nc4 Nd5 16. Nxd5 exd5 17. Bd2 Qb5 18. a4 Qa6 19. Ne5 Qb6 20. Nd7 Qxb2 21. Nxf8 Rxf8 22. Be3 Nb4 23. Qd2 1/2-1/2

[Event "GRE-ch U16"]
[Site "Kallithea"]
[Date "2010.06.29"]
[Round "5"]
[White "Fragkos, Vasilios"]
[Black "Gouliaros Antoniadis, Alexandros"]
[Result "1-0"]
[WhiteElo "1931"]
[BlackElo "1883"]
[PlyCount "77"]
[EventDate "2010.06.26"]
[EventType "swiss"]
[EventRounds "9"]
[EventCountry "GRE"]
[SourceTitle "CBM 137 Extra"]
[Source "ChessBase"]
[SourceDate "2010.09.01"]
[SourceVersion "1"]
[SourceVersionDate "2010.09.01"]
[SourceQuality "1"]

1. e4 c5 2. Nf3 e6 3. d4 cxd4 4. Nxd4 Nc6 5. Nc3 Qc7 6. Be3 a6 7. Bd3 Nf6 8. 0-0 Nxd4 9. Bxd4 Bc5 10. Bxc5 Qxc5 11. Kh1 e5 12. Na4 Qc6 13. c4 d6 14. Nc3 Be6 15. Rc1 Qd7 16. Qd2 0-0 17. Rfd1 Rac8 18. b3 Ne8 19. f3 Kh8 20. Bf1 Rc6 21. Na4 f5 22. exf5 Rxf5 23. Bd3 Rh5 24. Be4 Qe7 25. Bxc6 bxc6 26. Nc3 Qh4 27. g4 Rh6 28. Rc2 Rf6 29. Qe2 Qh3 30. Ne4 Qxf3+ 31. Qxf3 Rxf3 32. Nxd6 Nf6 33. Nf5 g6 34. Rd8+ Bg8 35. Ne7 h6 36. Re2 Kg7 37. Nxg8 Nxg8 38. Rxe5 Rf2 39. Ree8 1-0

[Event "GRE-ch U16"]
[Site "Kallithea"]
[Date "2010.06.27"]
[Round "2"]
[White "Karapiperis, Alexandros"]
[Black "Fragkos, Vasilios"]
[Result "1-0"]
[WhiteElo "1868"]
[BlackElo "1931"]
[PlyCount "125"]
[EventDate "2010.06.26"]
[EventType "swiss"]
[EventRounds "9"]
[EventCountry "GRE"]
[SourceTitle "CBM 137 Extra"]
[Source "ChessBase"]
[SourceDate "2010.09.01"]
[SourceVersion "1"]
[SourceVersionDate "2010.09.01"]
[SourceQuality "1"]

1. e4 c5 2. Nc3 Nc6 3. g3 g6 4. Bg2 Bg7 5. d3 d6 6. Be3 e6 7. Qd2 Nd4 8. Nd1 Ne7 9. c3 Ndc6 10. Bh6 0-0 11. Bxg7 Kxg7 12. h4 h6 13. Ne3 e5 14. h5 g5 15. Ne2 b6 16. f4 f6 17. fxg5 fxg5 18. 0-0-0 Be6 19. Kb1 Rc8 20. Rhf1 Qd7 21. d4 Rxf1 22. Bxf1 cxd4 23. cxd4 Na5 24. Nc3 Bg4 25. Bb5 Nac6 26. d5 Bxd1 27. dxc6 Nxc6 28. Nf5+ Kh7 29. Qxd1 Qe6 30. Qxd6 Qxd6 31. Nxd6 Rf8 32. Bxc6 Rf6 33. Nc4 Rxc6 34. Nxe5 Re6 35. Ng4 Kg7 36. Kc2 Rd6 37. Ne3 Rd8 38. Nf5+ Kf6 39. Nxh6 Rh8 40. Ng4+ Ke6 41. h6 Rf8 42. Nb5 Kf7 43. Nd6+ Ke6 44. Nf5 Rd8 45. Kc3 a6 46. Nd4+ Kf7 47. e5 Kg6 48. e6 Kh5 49. Nf6+ Kg6 50. Ne4 Kxh6 51. e7 Re8 52. Nf5+ Kg6 53. Ned6 Rh8 54. e8Q+ Rxe8 55. Nxe8 Kxf5 56. Nd6+ Kg4 57. Ne4 Kf3 58. Kd4 g4 59. b4 a5 60. bxa5 bxa5 61. a4 Kg2 62. Ke5 Kf3 63. Kd5 1-0

[Event "GRE-chT U16"]
[Site "Chalkida"]
[Date "2009.12.11"]
[Round "2.1"]
[White "Fragkos, Vasilios"]
[Black "Malamatas, Konstantinos"]
[Result "0-1"]
[WhiteElo "1939"]
[BlackElo "1955"]
[PlyCount "48"]
[EventDate "2009.12.11"]
[EventType "team-swiss"]
[EventRounds "5"]
[EventCountry "GRE"]
[SourceTitle "EXT 2011"]
[Source "ChessBase"]
[SourceDate "2010.11.26"]
[SourceVersion "1"]
[SourceVersionDate "2010.11.26"]
[SourceQuality "1"]
[WhiteTeam "Nikaia Fysiolatris"]
[BlackTeam "Aspropyrgou"]
[WhiteTeamCountry "GRE"]
[BlackTeamCountry "GRE"]

1. Nf3 d5 2. b3 Nf6 3. Bb2 e6 4. e3 Bd6 5. Be2 Nbd7 6. c4 0-0 7. 0-0 Qe7 8. d4 b6 9. Ne5 Bb7 10. Bd3 dxc4 11. Nxc4 e5 12. Nxd6 Qxd6 13. Ba3 c5 14. dxc5 Qc6 15. f3 Nxc5 16. Qe2 Rfd8 17. Bb5 Qd6 18. Rc1 Rac8 19. Nc3 a6 20. Bxc5 Qxc5 21. Bd3 b5 22. Ne4 Qxc1+ 23. Rxc1 Rxc1+ 24. Kf2 Bxe4 0-1

[Event "Attica-ch U16"]
[Site "Athens"]
[Date "2008.12.27"]
[Round "3"]
[White "Fragkos, Vasilios"]
[Black "Kosmas Lekkas, Dimitrios"]
[Result "1/2-1/2"]
[WhiteElo "1960"]
[BlackElo "2094"]
[PlyCount "94"]
[EventDate "2008.12.25"]
[EventType "swiss"]
[EventRounds "7"]
[EventCountry "GRE"]
[SourceTitle "EXT 2011"]
[Source "ChessBase"]
[SourceDate "2010.11.26"]
[SourceVersion "1"]
[SourceVersionDate "2010.11.26"]
[SourceQuality "1"]

1. d4 Nf6 2. Bf4 g6 3. e3 Bg7 4. Nf3 d6 5. Be2 Nh5 6. Bg5 h6 7. Bh4 g5 8. Nfd2 Nf4 9. exf4 gxh4 10. c3 c5 11. d5 0-0 12. 0-0 Bf5 13. Nc4 Bh7 14. Bd3 e5 15. f5 b5 16. Ne3 c4 17. Bc2 Nd7 18. Nd2 Nc5 19. Qh5 Kh8 20. Nf3 e4 21. Ng4 Nd3 22. Bxd3 cxd3 23. Nd4 Bxd4 24. cxd4 Qg5 25. Qxg5 hxg5 26. Ne3 Kg7 27. g4 hxg3 28. fxg3 Rfc8 29. Rac1 Kf6 30. Rc6 Ke7 31. Ng4 f6 32. Ne3 Kd7 33. Rfc1 d2 34. Rd1 Rxc6 35. dxc6+ Kxc6 36. Rxd2 Kd7 37. Rc2 Bg8 38. Ng4 Rf8 39. b3 Bd5 40. Kf2 Bb7 41. Ke3 d5 42. Rc5 Bc6 43. h4 gxh4 44. gxh4 Kd6 45. Kf4 Rh8 46. Kg3 Rg8 47. Kf4 Rh8 1/2-1/2